<?xml version="1.0" encoding="UTF-8"?>
<record
    xmlns:xsi="http://www.w3.org/2001/XMLSchema-instance"
    xsi:schemaLocation="http://www.loc.gov/MARC21/slim http://www.loc.gov/standards/marcxml/schema/MARC21slim.xsd"
    xmlns="http://www.loc.gov/MARC21/slim">

  <leader>00465nam a2200145Ia 4500</leader>
  <controlfield tag="008">120626s9999    xx            000 0 und d</controlfield>
  <datafield tag="020" ind1=" " ind2=" ">
    <subfield code="a">968-18-0154-7</subfield>
  </datafield>
  <datafield tag="050" ind1=" " ind2=" ">
    <subfield code="a">HD37 V44   2007</subfield>
  </datafield>
  <datafield tag="100" ind1=" " ind2=" ">
    <subfield code="a">VEL&#xC1;ZQUEZ MASTRETTA, Gustavo</subfield>
  </datafield>
  <datafield tag="245" ind1=" " ind2=" ">
    <subfield code="a">Administraci&#xF3;n de los sistemas de producci&#xF3;n / Gustavo Vel&#xE1;zquez Mastretta</subfield>
  </datafield>
  <datafield tag="250" ind1=" " ind2=" ">
    <subfield code="a">5a.</subfield>
  </datafield>
  <datafield tag="260" ind1=" " ind2=" ">
    <subfield code="a">M&#xE9;xico : Limusa</subfield>
  </datafield>
  <datafield tag="300" ind1=" " ind2=" ">
    <subfield code="a">290 p.</subfield>
  </datafield>
  <datafield tag="650" ind1=" " ind2=" ">
    <subfield code="a">1. PRODUCCI&#xD3;N, CONTROL DE LA  2. ADMINISTRACI&#xD3;N INDUSTRIAL&#xCC;</subfield>
  </datafield>
  <datafield tag="952" ind1=" " ind2=" ">
    <subfield code="0">0</subfield>
    <subfield code="1">0</subfield>
    <subfield code="4">0</subfield>
    <subfield code="7">0</subfield>
    <subfield code="a">09</subfield>
    <subfield code="b">09</subfield>
    <subfield code="d">2008-09-15</subfield>
    <subfield code="l">3</subfield>
    <subfield code="o">HD37 V44   2007</subfield>
    <subfield code="p">09 002510</subfield>
    <subfield code="r">2015-04-15</subfield>
    <subfield code="s">2015-04-15</subfield>
    <subfield code="t">6</subfield>
    <subfield code="w">2012-06-26</subfield>
    <subfield code="y">LB</subfield>
  </datafield>
  <datafield tag="999" ind1=" " ind2=" ">
    <subfield code="c">63866</subfield>
    <subfield code="d">63866</subfield>
  </datafield>
</record>
